[Event "Fagernes Chess International 2014"]
[Site "Fagernes"]
[Date "2014.04.13"]
[Round "9"]
[White "Kizatbay, Alseit"]
[Black "Kristiansen, Willy"]
[Result "0-1"]
[WhiteElo "1408"]
[BlackElo "2017"]
[PlyCount "66"]
[EventDate "2014.??.??"]

1. d4 d5 2. Nf3 Nf6 3. g3 e6 4. Bg2 Be7 5. O-O O-O 6. c4 dxc4 7. Ne5 Nc6 8.
Nxc6 bxc6 9. Bxc6 Rb8 10. Nc3 Bb7 11. Bxb7 Rxb7 12. e3 c5 13. Qa4 cxd4 14. Rd1
Qc8 15. exd4 Nd5 16. Nxd5 exd5 17. Qc2 Bd6 18. Bd2 h5 19. Kg2 h4 20. f3 Qe6 21.
Re1 Qf6 22. Bc3 Qg5 23. Qf2 g6 24. Re2 Kg7 25. Rae1 Rbb8 26. Bd2 hxg3 27. hxg3
Qf5 28. Rh1 Rh8 29. Ree1 g5 30. Qe3 Rxh1 31. Rxh1 Rxb2 32. a4 Bb4 33. Rd1 c3
0-1

[Event "Fagernes Chess International 2014"]
[Site "Fagernes"]
[Date "2014.04.13"]
[Round "9"]
[White "Machlik, Monika"]
[Black "Løbersli, Henrik Øie"]
[Result "1-0"]
[WhiteElo "1976"]
[BlackElo "1857"]
[PlyCount "97"]
[EventDate "2014.??.??"]

1. d4 d5 2. c4 c6 3. Nc3 Nf6 4. e3 e6 5. Nf3 Nbd7 6. Qc2 Bd6 7. b3 O-O 8. Be2
b6 9. O-O Bb7 10. Bb2 Rc8 11. e4 Nxe4 12. Nxe4 dxe4 13. Qxe4 Nf6 14. Qh4 Re8
15. Rad1 Bf8 16. Ne5 Qe7 17. Bd3 h6 18. Bc2 c5 19. dxc5 Qxc5 20. Qxf6 gxf6 21.
Nd7 Qc6 22. Nxf6+ Kh8 23. Be4 Red8 24. Bxc6 Bxc6 25. Ng4+ Kh7 26. Bf6 Rxd1 27.
Rxd1 Bg7 28. Bxg7 Kxg7 29. f3 Rc7 30. Kf2 Rd7 31. Rxd7 Bxd7 32. Ke3 f6 33. Nf2
Kf7 34. b4 Ke7 35. c5 h5 36. h4 e5 37. f4 Ke6 38. cxb6 axb6 39. Ne4 Bc6 40.
fxe5 Kxe5 41. Ng3 b5 42. Nxh5 Bxg2 43. Nf4 Bb7 44. h5 f5 45. h6 Kf6 46. Ne2 Bc8
47. Nd4 Bd7 48. Kf4 Kg6 49. Nxf5 1-0

[Event "Fagernes Chess International 2014"]
[Site "Fagernes"]
[Date "2014.04.13"]
[Round "9"]
[White "Torgersen, Terje"]
[Black "Hølleland, Sigve"]
[Result "1/2-1/2"]
[WhiteElo "1970"]
[BlackElo "1871"]
[PlyCount "45"]
[EventDate "2014.??.??"]

1. e4 c5 2. Nf3 d6 3. d4 cxd4 4. Nxd4 Nf6 5. Nc3 a6 6. Bg5 e6 7. f4 Be7 8. Qf3
Nbd7 9. O-O-O O-O 10. g4 Qc7 11. Bh4 b5 12. g5 Ne8 13. g6 Bxh4 14. Qh5 fxg6 15.
Qxh4 Nc5 16. f5 gxf5 17. exf5 e5 18. Nd5 Qf7 19. Ne7+ Kh8 20. Ng6+ Kg8 21. Ne7+
Kh8 22. Ng6+ Kg8 23. Ne7+ 1/2-1/2

[Event "Fagernes Chess International 2014"]
[Site "Fagernes"]
[Date "2014.04.13"]
[Round "9"]
[White "Sundsbø, Sigve"]
[Black "Ayzenberg, Alena"]
[Result "1-0"]
[WhiteElo "1663"]
[BlackElo "1929"]
[PlyCount "89"]
[EventDate "2014.??.??"]

1. d4 f5 2. g3 Nf6 3. Bg2 g6 4. c3 Bg7 5. Nd2 d6 6. e4 c6 7. Qe2 O-O 8. Ngf3
Be6 9. O-O fxe4 10. Nxe4 Nxe4 11. Qxe4 Bd5 12. Qe2 b5 13. Re1 Nd7 14. Ng5 Bxg2
15. Kxg2 e5 16. Ne6 Qf6 17. Nxf8 Rxf8 18. Be3 e4 19. Rf1 Qf3+ 20. Qxf3 Rxf3 21.
Rfe1 d5 22. Rad1 Nb6 23. b3 Bf8 24. Bd2 c5 25. dxc5 Bxc5 26. Be3 Bxe3 27. Rxe3
Rxe3 28. fxe3 Kf7 29. g4 a5 30. g5 a4 31. Kg3 Ke6 32. h4 Nd7 33. bxa4 bxa4 34.
Rd4 Nc5 35. c4 dxc4 36. Rxc4 Kd5 37. Rd4+ Ke5 38. Kg4 a3 39. Rc4 Kd5 40. Rc3
Nd3 41. Rxa3 Ne1 42. Ra5+ Kc4 43. Kf4 Ng2+ 44. Kxe4 Nxh4 45. Ra7 1-0

[Event "Fagernes Chess International 2014"]
[Site "Fagernes"]
[Date "2014.04.13"]
[Round "9"]
[White "Hansen, Linda Marie"]
[Black "Machlik, Edit"]
[Result "1-0"]
[WhiteElo "1685"]
[BlackElo "1913"]
[PlyCount "137"]
[EventDate "2014.??.??"]

1. e4 c6 2. d4 d5 3. f3 dxe4 4. fxe4 e5 5. Nf3 Bg4 6. c3 Nd7 7. Bc4 Bh5 8. O-O
Bd6 9. Qb3 b5 10. Be2 Bg6 11. a4 a6 12. axb5 axb5 13. Rxa8 Qxa8 14. Nh4 Ngf6
15. Nf5 Bxf5 16. exf5 O-O 17. g4 Qa7 18. Qd1 Nd5 19. Kh1 Qa2 20. Bd3 Bc7 21. g5
Qa8 22. Be4 N7b6 23. g6 Qe8 24. gxh7+ Kh8 25. f6 Nxf6 26. Rxf6 gxf6 27. Bh6 Qc8
28. Qg1 Rg8 29. hxg8=Q+ Qxg8 30. Qf2 Qg4 31. Qxf6+ Kg8 32. Qg5+ Qxg5 33. Bxg5
exd4 34. cxd4 Nc4 35. b3 Na5 36. b4 Nb3 37. Bf6 Bd6 38. Bxc6 Bxb4 39. Bxb5 Kh7
40. Bd3+ Kh6 41. Bc4 Kg6 42. Be5 Na5 43. Bd3+ f5 44. d5 Nb7 45. Nc3 Nc5 46. Bb5
f4 47. Kg2 Kf5 48. Bh8 Kg4 49. h3+ Kf5 50. d6 Ke6 51. d7 Nxd7 52. Bxd7+ Kxd7
53. Kf3 Ke6 54. Kxf4 Kf7 55. Kf5 Be7 56. Nd5 Bh4 57. Bd4 Be1 58. Nf4 Bh4 59.
Kg4 Bd8 60. Kh5 Be7 61. Ng6 Bd8 62. Ne5+ Kg8 63. Kg6 Bh4 64. Nd7 Be7 65. Nf6+
Kf8 66. h4 Ba3 67. h5 Ke7 68. h6 Bc1 69. h7 1-0

[Event "Fagernes Chess International 2014"]
[Site "Fagernes"]
[Date "2014.04.13"]
[Round "9"]
[White "Snerthammer, Daniel"]
[Black "Tangelder, Yonne"]
[Result "1-0"]
[WhiteElo "1913"]
[BlackElo "1829"]
[PlyCount "163"]
[EventDate "2014.??.??"]

1. c4 f5 2. Nc3 Nf6 3. g3 g6 4. Bg2 Bg7 5. Nh3 O-O 6. O-O d6 7. d4 Qe8 8. Ng5
h6 9. Nf3 e5 10. Qb3 Kh7 11. Nb5 Na6 12. dxe5 dxe5 13. Bd2 Ne4 14. Be1 c6 15.
Nc3 Nac5 16. Qc2 a5 17. Nd2 Nxc3 18. Qxc3 f4 19. Qa3 Ne6 20. Ne4 Nd4 21. Qd3
Bg4 22. f3 Be6 23. Bc3 Nf5 24. Nd6 Qe7 25. Nxf5 Bxf5 26. e4 Rfd8 27. Qe2 Be6
28. b3 b5 29. gxf4 Qc5+ 30. Qf2 Qxf2+ 31. Kxf2 exf4 32. Bxg7 Kxg7 33. cxb5 Rd2+
34. Kg1 cxb5 35. h4 Rc8 36. Rf2 Rxf2 37. Kxf2 Rc2+ 38. Kg1 b4 39. Bf1 Kf6 40.
Bb5 Bh3 41. a3 Rg2+ 42. Kh1 Rb2 43. axb4 Bg2+ 44. Kg1 Bxf3 45. Bc6 axb4 46. e5+
Kxe5 47. Bxf3 Rxb3 48. Ra5+ Kf6 49. Be4 Rh3 50. Ra6+ Ke5 51. Bxg6 Rxh4 52. Rb6
f3 53. Kf2 Rf4 54. Bh5 Kd5 55. Bxf3+ Kc5 56. Rxh6 b3 57. Ke3 Rb4 58. Rh5+ Kd6
59. Be4 b2 60. Bb1 Rb7 61. Kd3 Rb8 62. Kc2 Ke7 63. Ba2 Kf6 64. Kb1 Kg6 65. Rh3
Kf5 66. Bb3 Ke5 67. Kxb2 Kd4 68. Rh7 Ke5 69. Kc3 Kd6 70. Bc4 Rf8 71. Bd3 Ke5
72. Rh5+ Ke6 73. Kd4 Rf2 74. Ra5 Rf4+ 75. Be4 Kf6 76. Ra6+ Ke7 77. Ke5 Rf2 78.
Ra7+ Kf8 79. Ke6 Rf1 80. Bf5 Re1+ 81. Kf6 Re8 82. Rh7 1-0

[Event "Fagernes Chess International 2014"]
[Site "Fagernes"]
[Date "2014.04.13"]
[Round "9"]
[White "Dahl, Trygve"]
[Black "Ghaderi, Arman K"]
[Result "1-0"]
[WhiteElo "1867"]
[BlackElo "1843"]
[PlyCount "55"]
[EventDate "2014.??.??"]

1. e4 c5 2. Nc3 d6 3. f4 g6 4. Nf3 Bg7 5. Bb5+ Bd7 6. Bc4 e6 7. O-O Ne7 8. d3
O-O 9. Qe1 Nbc6 10. Qh4 Nd4 11. Nxd4 Bxd4+ 12. Kh1 Nc6 13. Qg3 Bg7 14. f5 exf5
15. exf5 Ne5 16. fxg6 Nxg6 17. Qxd6 Be5 18. Qxc5 Qh4 19. Qg1 Rae8 20. Ne4 h6
21. Be3 Bc6 22. Bf2 Qg4 23. Rae1 Bxb2 24. Bd4 Bxd4 25. Qxd4 Bxe4 26. dxe4 Nh4
27. Rf2 Nf5 28. Qf6 1-0

[Event "Fagernes Chess International 2014"]
[Site "Fagernes"]
[Date "2014.04.13"]
[Round "9"]
[White "Mossin, Ivar Alexander"]
[Black "Østgaard, Pål Inge"]
[Result "1-0"]
[WhiteElo "1847"]
[BlackElo "1284"]
[PlyCount "75"]
[EventDate "2014.??.??"]

1. e4 c5 2. Nf3 Nc6 3. d4 cxd4 4. Nxd4 Nf6 5. Nc3 d6 6. Bg5 e6 7. Qd2 a6 8.
O-O-O Bd7 9. f4 h6 10. Bh4 Qc7 11. Be2 Be7 12. Bf2 b5 13. Bf3 Rc8 14. g4 b4 15.
Nce2 Qa5 16. Kb1 Nxd4 17. Nxd4 Rb8 18. g5 hxg5 19. fxg5 Nh5 20. h4 Qc7 21. Ne2
g6 22. Ng3 Nxg3 23. Bxg3 e5 24. h5 gxh5 25. Rxh5 Rxh5 26. Bxh5 Rc8 27. Rf1 Be6
28. g6 Bxa2+ 29. Kxa2 Qc4+ 30. b3 Qxf1 31. gxf7+ Kd7 32. Bg4+ Kd8 33. Bxc8 Kxc8
34. Qd5 Qb5 35. Qa8+ Qb8 36. Qc6+ Qc7 37. Qe8+ Qd8 38. Bh4 1-0

[Event "Fagernes Chess International 2014"]
[Site "Fagernes"]
[Date "2014.04.13"]
[Round "9"]
[White "Juriloo, Karl"]
[Black "Rygg, Snorre"]
[Result "1-0"]
[WhiteElo "1409"]
[BlackElo "1821"]
[PlyCount "55"]
[EventDate "2014.??.??"]

1. e4 e5 2. Nf3 Nc6 3. Bc4 Bc5 4. b4 Bxb4 5. c3 Be7 6. Qb3 Nh6 7. d4 Na5 8. Qa4
Nxc4 9. Qxc4 exd4 10. Bxh6 gxh6 11. cxd4 d6 12. Nc3 c6 13. d5 c5 14. O-O f6 15.
Rab1 Rg8 16. Nh4 Rg4 17. g3 a6 18. Qe2 b5 19. f4 Bd7 20. e5 dxe5 21. fxe5 f5
22. Nxf5 Bxf5 23. Rxf5 Rg6 24. d6 Bg5 25. Nd5 Rc8 26. Rbf1 Kd7 27. Rf7+ Kc6 28.
Qe4 1-0

[Event "Fagernes Chess International 2014"]
[Site "Fagernes"]
[Date "2014.04.13"]
[Round "9"]
[White "Wærstad, Leif E"]
[Black "Gjertsen, Petter"]
[Result "1/2-1/2"]
[WhiteElo "1560"]
[BlackElo "1815"]
[PlyCount "26"]
[EventDate "2014.??.??"]

1. d4 f5 2. Nf3 Nf6 3. c4 g6 4. Nc3 Bg7 5. Bf4 d6 6. e3 O-O 7. Bd3 c6 8. O-O
Nh5 9. Bg5 h6 10. Bh4 Qe8 11. Be2 e5 12. dxe5 dxe5 13. e4 f4 1/2-1/2

[Event "Fagernes Chess International 2014"]
[Site "Fagernes"]
[Date "2014.04.13"]
[Round "9"]
[White "Arntsen, Frode"]
[Black "Berntsen-Øybø, August"]
[Result "1/2-1/2"]
[WhiteElo "1803"]
[BlackElo "1545"]
[PlyCount "58"]
[EventDate "2014.??.??"]

1. c4 Nf6 2. g3 g6 3. Bg2 Bg7 4. Nf3 O-O 5. O-O c6 6. d4 d5 7. cxd5 cxd5 8. Nc3
e6 9. Qb3 Nbd7 10. Na4 b6 11. Nc3 Re8 12. Re1 Bb7 13. Nb5 Bf8 14. Bf4 Nh5 15.
Bc7 Qf6 16. Rac1 Rec8 17. Bd6 Rc6 18. Bxf8 Kxf8 19. Rxc6 Bxc6 20. Rc1 Bxb5 21.
Qxb5 Qd8 22. Qc6 Nhf6 23. e3 Kg7 24. Bf1 a6 25. Qb7 Qb8 26. Rc7 Qxb7 27. Rxb7
b5 28. a4 bxa4 29. Rb4 Rb8 1/2-1/2

[Event "Fagernes Chess International 2014"]
[Site "Fagernes"]
[Date "2014.04.13"]
[Round "9"]
[White "Ødegaard, Per Chr"]
[Black "Sajjadi, Kimiya"]
[Result "1-0"]
[WhiteElo "1772"]
[BlackElo "1503"]
[PlyCount "50"]
[EventDate "2014.??.??"]

1. Nf3 d5 2. d4 Nf6 3. Bg5 c5 4. e3 Bf5 5. Bb5+ Nc6 6. O-O e6 7. Ne5 Rc8 8. c3
Be7 9. Qa4 Qb6 10. Nd2 Rc7 11. Bf4 Rc8 12. Ndf3 Nh5 13. Nxc6 bxc6 14. Ba6 Ra8
15. Ne5 Nxf4 16. exf4 Bd6 17. dxc5 Qxc5 18. Bb7 Rd8 19. Bxc6+ Ke7 20. b4 Qb6
21. g3 Bxe5 22. fxe5 Bd3 23. Rfe1 a6 24. b5 axb5 25. Qb4+ Rd6 1-0

[Event "Fagernes Chess International 2014"]
[Site "Fagernes"]
[Date "2014.04.13"]
[Round "9"]
[White "Galinskyi, Mykhalo"]
[Black "Risting, Eivind Olav"]
[Result "0-1"]
[WhiteElo "1448"]
[BlackElo "1743"]
[PlyCount "36"]
[EventDate "2014.??.??"]

1. e4 c5 2. Nf3 Nc6 3. d4 cxd4 4. Nxd4 Nf6 5. Nc3 e5 6. Nb3 Bb4 7. Bd3 d5 8.
exd5 Nxd5 9. Bd2 Bxc3 10. bxc3 O-O 11. O-O f5 12. f3 Be6 13. Bc4 Kh8 14. Nc5
Qb6 15. Bxd5 Qxc5+ 16. Kh1 Qxd5 17. Re1 Rad8 18. Re2 Na5 0-1

[Event "Fagernes Chess International 2014"]
[Site "Fagernes"]
[Date "2014.04.13"]
[Round "9"]
[White "Tallaksen, Henrik G"]
[Black "Kløfsrud, August Kristiansen"]
[Result "1/2-1/2"]
[WhiteElo "1743"]
[BlackElo "1110"]
[PlyCount "46"]
[EventDate "2014.??.??"]

1. e4 e6 2. d4 d5 3. Nd2 Nf6 4. e5 Nfd7 5. Bd3 c5 6. c3 Nc6 7. Ndf3 Be7 8. Ne2
cxd4 9. cxd4 O-O 10. O-O a5 11. a3 b6 12. Bb1 Ba6 13. Re1 Rc8 14. Nc3 Re8 15.
Be3 Nf8 16. Bd3 Bxd3 17. Qxd3 Ng6 18. Rac1 Qd7 19. Rc2 Rc7 20. Rec1 Rec8 21.
Nb5 Rb7 22. a4 h6 23. Bd2 Kh8 1/2-1/2

[Event "Fagernes Chess International 2014"]
[Site "Fagernes"]
[Date "2014.04.13"]
[Round "9"]
[White "Mørkedal, Øyvind"]
[Black "Heier, Odin Nikolai"]
[Result "1/2-1/2"]
[WhiteElo "1729"]
[BlackElo "1488"]
[PlyCount "73"]
[EventDate "2014.??.??"]

1. e4 e5 2. Nf3 Nc6 3. Bb5 Nf6 4. O-O Be7 5. Re1 d6 6. d4 exd4 7. Nxd4 Bd7 8.
Nxc6 Bxc6 9. Bxc6+ bxc6 10. Nc3 O-O 11. b3 Re8 12. Bb2 Bf8 13. Qf3 Re6 14. Rad1
Qe7 15. Re2 Re8 16. Rde1 g6 17. Qd3 Qd8 18. e5 Nd7 19. exd6 Rxe2 20. Rxe2 Rxe2
21. Qxe2 cxd6 22. Qe3 Nb6 23. Ne4 Bg7 24. Bxg7 Kxg7 25. Qd4+ f6 26. Qxd6 Qxd6
27. Nxd6 Nd5 28. a3 Nc3 29. Nc4 Kf7 30. Kf1 Ke6 31. Ke1 Kd5 32. Kd2 Kd4 33. a4
Ne4+ 34. Ke2 Kc3 35. f3 Nc5 36. Kd1 Nxa4 37. Kc1 1/2-1/2

[Event "Fagernes Chess International 2014"]
[Site "Fagernes"]
[Date "2014.04.13"]
[Round "9"]
[White "Cerkezovic, Emir"]
[Black "Skrede, Snorre"]
[Result "1/2-1/2"]
[WhiteElo "1407"]
[BlackElo "1729"]
[PlyCount "41"]
[EventDate "2014.??.??"]

1. e4 c5 2. Nf3 g6 3. d4 cxd4 4. Nxd4 Nc6 5. Nc3 Bg7 6. Be3 Nf6 7. Bc4 Qa5 8.
O-O O-O 9. Bb3 d6 10. h3 Bd7 11. Nd5 Rfe8 12. Nxf6+ Bxf6 13. c3 Rac8 14. Nxc6
Bxc6 15. Qf3 Rf8 16. Rfe1 a6 17. Bf4 b5 18. a3 Qb6 19. Rad1 Bg7 20. Bg5 Qb7 21.
Qe2 1/2-1/2

[Event "Fagernes Chess International 2014"]
[Site "Fagernes"]
[Date "2014.04.13"]
[Round "9"]
[White "Fossan, Andreas"]
[Black "Kizatbay, Abyl"]
[Result "1-0"]
[WhiteElo "1699"]
[BlackElo "1144"]
[PlyCount "55"]
[EventDate "2014.??.??"]

1. d4 Nf6 2. c4 e6 3. Nf3 c5 4. d5 exd5 5. cxd5 d6 6. Nc3 h6 7. e4 a6 8. a4 Bg4
9. Be2 Nbd7 10. Nd2 Bxe2 11. Qxe2 Be7 12. O-O Qc7 13. a5 g5 14. Nc4 O-O-O 15.
Bd2 Rdg8 16. Rfc1 Kb8 17. Rab1 g4 18. Na4 Ne5 19. Nxe5 dxe5 20. b4 g3 21. fxg3
Rxg3 22. hxg3 Nxe4 23. Qxe4 f5 24. Qxe5 Ka8 25. Qxc7 Rc8 26. Nb6+ Ka7 27. Qxc8
Bd8 28. Qa8# 1-0

[Event "Fagernes Chess International 2014"]
[Site "Fagernes"]
[Date "2014.04.13"]
[Round "9"]
[White "Ødegaard, Karl Eirik"]
[Black "Yilmaz, Kazim"]
[Result "1/2-1/2"]
[WhiteElo "1257"]
[BlackElo "1683"]
[PlyCount "29"]
[EventDate "2014.??.??"]

1. c4 Nf6 2. Nc3 d5 3. d4 c6 4. cxd5 Nxd5 5. Nf3 Nxc3 6. bxc3 g6 7. e3 Bg7 8.
Be2 O-O 9. O-O Nd7 10. Bd2 e5 11. e4 exd4 12. cxd4 c5 13. Be3 cxd4 14. Bxd4
Bxd4 15. Qxd4 1/2-1/2

[Event "Fagernes Chess International 2014"]
[Site "Fagernes"]
[Date "2014.04.13"]
[Round "9"]
[White "Heitun, Odd Gunnar"]
[Black "Skjelstad, Erling"]
[Result "0-1"]
[WhiteElo "1273"]
[BlackElo "1667"]
[PlyCount "80"]
[EventDate "2014.??.??"]

1. e4 e5 2. Nf3 f5 3. Bc4 d6 4. d3 f4 5. Nc3 Bg4 6. Bxg8 Rxg8 7. b3 Nc6 8. Bb2
Nd4 9. h3 Bh5 10. Kd2 c6 11. Rh2 Be7 12. Qh1 Nxf3+ 13. gxf3 Qc7 14. Qd1 O-O-O
15. a4 Qa5 16. Kc1 Kb8 17. Qe2 Bf7 18. Qd2 Qc7 19. Qe2 Bf6 20. Nd1 Be6 21. a5
Qc8 22. Qf1 d5 23. exd5 cxd5 24. Kb1 Qc6 25. Qe2 e4 26. fxe4 dxe4 27. dxe4 Qd7
28. Bxf6 gxf6 29. Rh1 Bxh3 30. Qf3 Bg2 31. Qxf4+ Ka8 32. Re1 Bxe4 33. Qxe4 Rge8
34. Qf3 Rxe1 35. Kb2 Rxd1 36. Ra4 Qd2 37. a6 Qd5 38. axb7+ Qxb7 39. Qxf6 Rc8
40. Qf4 Qg7+ 0-1

[Event "Fagernes Chess International 2014"]
[Site "Fagernes"]
[Date "2014.04.13"]
[Round "9"]
[White "Skaug, Thorbjørn"]
[Black "Robertsen, Bjørn"]
[Result "0-1"]
[WhiteElo "1631"]
[BlackElo "1185"]
[PlyCount "74"]
[EventDate "2014.??.??"]

1. b4 c6 2. c4 d5 3. e3 Bf5 4. Bb2 e6 5. Nf3 Nf6 6. a3 Bd6 7. Nc3 h6 8. cxd5
cxd5 9. Be2 O-O 10. O-O a6 11. Qb3 Nbd7 12. Rac1 Rc8 13. Qa2 Qe7 14. Qa1 Ra8
15. d3 a5 16. b5 Nc5 17. Qb1 Rfc8 18. Nd4 Bg6 19. Na2 b6 20. Nc6 Qe8 21. Bxf6
gxf6 22. Rfd1 Nd7 23. Nd4 Bxa3 24. Rxc8 Rxc8 25. Nc6 Nb8 26. Qb3 Bc5 27. d4 Bd6
28. Nxb8 Bc2 29. Qb2 Bxd1 30. Bxd1 Bxb8 31. Qe2 f5 32. Qd2 Qxb5 33. Nc1 Qb1 34.
Ne2 Bd6 35. Qe1 Rc2 36. Kf1 Bb4 37. Bxc2 Qxe1# 0-1

[Event "Fagernes Chess International 2014"]
[Site "Fagernes"]
[Date "2014.04.13"]
[Round "9"]
[White "Langvik, Ulrikke"]
[Black "Dyrhaug, Sverre S"]
[Result "0-1"]
[WhiteElo "926"]
[BlackElo "1574"]
[PlyCount "94"]
[EventDate "2014.??.??"]

1. e4 e6 2. d4 d5 3. exd5 exd5 4. Bd3 Nf6 5. Bg5 c6 6. c4 Be7 7. Qe2 O-O 8. c5
Re8 9. Qc2 h6 10. Be3 Ng4 11. Bd2 Bh4+ 12. Ne2 Bxf2+ 13. Kd1 Be3 14. Kc1 Qg5
15. h4 Qf6 16. Bxe3 Nxe3 17. Qd2 Nxg2 18. h5 Bg4 19. Nbc3 Na6 20. a3 Re6 21.
Kc2 Ne3+ 22. Kb3 Nc7 23. Nd1 Rae8 24. Nxe3 Rxe3 25. Raf1 Bf5 26. Nc3 Rxd3 27.
Qf4 Nb5 28. Qxf5 Nxd4+ 29. Ka2 Nxf5 30. Re1 Rxe1 31. Rxe1 Rxc3 32. bxc3 Qxc3
33. Rb1 Qc2+ 34. Rb2 Qxb2+ 35. Kxb2 g5 36. hxg6 h5 37. gxf7+ Kxf7 38. a4 h4 39.
a5 h3 40. a6 bxa6 41. Kc3 h2 42. Kd3 h1=Q 43. Kc3 Qe1+ 44. Kd3 Qe3+ 45. Kc2
Nd4+ 46. Kb2 Qb3+ 47. Ka1 Nc2# 0-1

[Event "Fagernes Chess International 2014"]
[Site "Fagernes"]
[Date "2014.04.13"]
[Round "9"]
[White "Kaasen, Tor Fredrik"]
[Black "Skjølingstad, Sverre"]
[Result "0-1"]
[WhiteElo "1527"]
[BlackElo "1073"]
[PlyCount "64"]
[EventDate "2014.??.??"]

1. e4 c5 2. Nf3 d6 3. d4 cxd4 4. Nxd4 Nf6 5. Nc3 e6 6. Be3 Be7 7. f3 O-O 8. g4
a6 9. h4 d5 10. g5 Nh5 11. Bd3 e5 12. Nxd5 exd4 13. Bxd4 Nc6 14. Bb6 Qd7 15. a3
Bd8 16. Bc5 Re8 17. Qe2 Ng3 18. Qg2 Nxh1 19. Nf6+ Bxf6 20. gxf6 g6 21. O-O-O
Qh3 22. Qd2 Qxh4 23. e5 Be6 24. Rg1 Nxe5 25. Qg2 Nxd3+ 26. cxd3 Rac8 27. Kb1
Rxc5 28. Rxh1 Qxf6 29. Qd2 Qg5 30. Qb4 Rec8 31. f4 Qg2 32. Qe1 Qc2+ 0-1

[Event "Fagernes Chess International 2014"]
[Site "Fagernes"]
[Date "2014.04.13"]
[Round "9"]
[White "Merkesvik, Amalie Isabel"]
[Black "Landsverk, Ida"]
[Result "1-0"]
[WhiteElo "1521"]
[BlackElo "1160"]
[PlyCount "79"]
[EventDate "2014.??.??"]

1. e4 g6 2. Nf3 Bg7 3. Nc3 d6 4. Bc4 Nf6 5. d3 O-O 6. h3 c5 7. Be3 Nbd7 8. Qd2
a6 9. Bh6 b5 10. Bxg7 Kxg7 11. Bd5 Rb8 12. g4 b4 13. g5 Nxd5 14. Nxd5 f6 15.
O-O-O Nb6 16. Ne3 Be6 17. b3 d5 18. gxf6+ exf6 19. Nh4 Nd7 20. exd5 Bf7 21.
Rhg1 g5 22. Nhf5+ Kg6 23. h4 h6 24. hxg5 fxg5 25. Nh4+ Kh7 26. Nhf5 Qf6 27. d4
Bg6 28. Nxh6 cxd4 29. Nhg4 Qg7 30. Rh1+ Kg8 31. Nh6+ Kh7 32. Nhf5+ Kg8 33. Nxg7
Kxg7 34. Qxd4+ Nf6 35. Ng4 Kf7 36. Qxf6+ Ke8 37. Rde1+ Kd7 38. Ne5+ Kc7 39.
Qc6+ Kd8 40. Qd7# 1-0

[Event "Fagernes Chess International 2014"]
[Site "Fagernes"]
[Date "2014.04.13"]
[Round "9"]
[White "Dybvik, Bjørn Noralf"]
[Black "Myhre, Mads Wollan"]
[Result "1/2-1/2"]
[WhiteElo "1284"]
[BlackElo "1487"]
[PlyCount "64"]
[EventDate "2014.??.??"]

1. c4 e5 2. Nc3 Nf6 3. g3 d5 4. cxd5 Nxd5 5. Bg2 Nb6 6. Nf3 Nc6 7. O-O f6 8. d3
Be6 9. Bd2 Be7 10. Rc1 Qd7 11. a3 g5 12. Ne4 h5 13. Nc5 Bxc5 14. Rxc5 h4 15. b4
Bh3 16. Qb3 Bxg2 17. Kxg2 hxg3 18. fxg3 Qh3+ 19. Kf2 g4 20. Qe6+ Ne7 21. Rxc7
Nbd5 22. Rxe7+ Nxe7 23. Nh4 Qxh2+ 24. Ng2 Qh7 25. Ke1 Rc8 26. Qxf6 Nc6 27. Qe6+
Ne7 28. Qxe5 Rf8 29. Qb5+ Nc6 30. Nf4 Qf7 31. Rh1 Qf6 32. Kf2 Rc7 1/2-1/2

[Event "Fagernes Chess International 2014"]
[Site "Fagernes"]
[Date "2014.04.13"]
[Round "9"]
[White "Lien, Johan"]
[Black "Larsen, Per Magnus"]
[Result "1-0"]
[WhiteElo "1410"]
[BlackElo "1023"]
[PlyCount "83"]
[EventDate "2014.??.??"]

1. e4 e6 2. Nf3 Be7 3. e5 Nc6 4. d4 d6 5. Bb5 Bd7 6. Nc3 dxe5 7. Bxc6 Bxc6 8.
dxe5 Qxd1+ 9. Nxd1 Bc5 10. O-O Ne7 11. Be3 Bxe3 12. Nxe3 Rd8 13. Rad1 Nd5 14.
Nd4 Nxe3 15. fxe3 Be4 16. Rd2 c6 17. c4 c5 18. Nb3 b6 19. Rxd8+ Kxd8 20. Rxf7
a5 21. a4 Ke8 22. Rxg7 Bc6 23. Nd2 Rf8 24. Rxh7 Bxa4 25. h4 Bc2 26. Rh6 Kd7 27.
Kh2 Rf2 28. Nf3 Be4 29. Ng5 Bb7 30. Rxe6 Rxb2 31. Rd6+ Kc7 32. Rd3 a4 33. e6 a3
34. Rxa3 Kd6 35. Rd3+ Ke7 36. h5 b5 37. cxb5 Rxb5 38. Rd7+ Ke8 39. h6 c4 40. h7
Rxg5 41. h8=Q+ Rg8 42. Qxg8# 1-0